000 01110nmc a2200385 a 4500
003 AR-BaBNM
005 20251128204352.0
008 011101s1993 ||||||||||||||000 | spa||
020 _a84-7509-232-2
040 _cAR-BaBNM
100 1 _aLawther, John D.
245 1 0 _aAprendizaje de las habilidades motrices
260 _aBuenos Aires
_bPaidós
_c1993
300 _a186 p.
490 0 _aPsicomotricidad y educación física
_vv. 33
500 _aTraducción de Ana María Rodríguez
500 _aSupervisión de Enrique C. Romero Brest
500 _aPrefacio por el autor
650 4 _aAPRENDIZAJE
650 4 _aDESARROLLO MOTOR
650 4 _aDESARROLLO DEL NINO
650 4 _aTEORIAS DEL APRENDIZAJE
650 4 _aEDUCACION FISICA
650 4 _aMADUREZ PARA EL APRENDIZAJE
650 4 _aRENDIMIENTO DEL ALUMNO
650 4 _aALUMNOS SUPERDOTADOS
650 4 _aDESTREZAS PSICOMOTRICES
650 4 _aMOTIVACION DEL ALUMNO
650 4 _aEMOCIONES
650 4 _aEFECTOS PSICOLOGICOS
650 4 _aSTRESS
650 4 _aCOEFICIENTE INTELECTUAL
942 _cBK
998 _cCarmen
999 _c7186
_d7186